Gatorade Quiz - Statistics

General Stats
  • This quiz has been taken 41 times
  • The average score is 4 of 9
Answer Stats
Color Flavor % Correct
Color of a Pumpkin Orange
100%
Yellow-Green Lemon Lime
91%
Red Fruit Punch
84%
Light Blue Cool Blue
56%
A Lighter Red Strawberry
38%
Dark Blue Berry
28%
A Murky Light Green Lime Cucumber
16%
Black/Dark Purple Midnight Ice
6%
Platinum Color Lightning Blast
3%
No matching quizzes found
Score Distribution
Percent of People with Each Score
Percentile by Number Answered
Your Score History
You have not taken this quiz